ما يغيب عن الاذهان من اعراب القرآن

Bibliographic Details
Main Author: طلبة, محمد عبد الحميد (Author)
Format: Book
Language:Arabic
Published: Qahirah : Ajiyal li-Khidmat al-Taswiq wa-al-Nashr , 2007
Subjects:

MARC

LEADER 00000cam a2200000 7i4500
001 0000056921
005 20230116093000.0
008 080727s2007 ua ara
090 0 0 |a BP131.85   |b .T25 2007 
100 1 |a طلبة, محمد عبد الحميد ,   |e author 
241 1 0 |a Ma yaghibu 'an al-adhhan min i'rab al-Quran 
245 1 0 |a ما يغيب عن الاذهان من اعراب القرآن   |c محمد عبد الحميد طلبة 
260 |a Qahirah :   |b Ajiyal li-Khidmat al-Taswiq wa-al-Nashr ,   |c 2007 
300 |a 132 p. ;   |c 25 cm. 
504 |a Includes bibliographical references 
630 0 0 |a Qur'an; criticism, interpretation, etc 
630 0 0 |a Qur'an   |x Quotations 
999 |a 1000117603   |b Book   |c OPEN SHELF (30 DAYS)   |e Gong Badak Campus